000 00349nam a2200145Ia 4500
008 221030s9999 xx 000 0 und d
020 _a8185749752
041 _aEnglish
100 _aJ. B. Gupta
245 0 _aElectronic Deivces & Circuits
_cby J. B. Gupta
260 _bKatson
_aNew Delhi
_c2018
300 _a1126
650 _aECE
942 _cBK
999 _c18255
_d18255